| 000 | 00000nam##2200000za#4500 |
| 001 | 9.693747 |
| 003 | CaOODSP |
| 005 | 20210624233815 |
| 007 | cr ||||||||||| |
| 008 | 150407|2000||||xxc|||||o f|0| 0 eng|d |
| 040 | |aCaOODSP|beng |
| 043 | |an-cn--- |
| 086 | 1 |aCi63-14/2000E-PDF |
| 110 | 1 |aCanada. |bCitizenship and Immigration Canada. |
| 245 | 10|aCanadian language benchmarks 2000 : |h[electronic resource]|bEnglish as a second language -- for adults / |cby Grazyna PawlIkowska-Smith. |
| 260 | |aOttawa - Ontario : |bCitizenship and Immigration Canada |c[2000]. |
| 300 | |a194p.|billus. |
| 500 | |a"The CLB document is primarily addressed to TESL (Teaching English as a Second Language) professionals at educational institutions in Canada: ESL instructors, program planners, curriculum/syllabus and language assessment designers and developers, and program administrators."--Page xiii. |
| 520 | 3 |aThe CLB document is primarily addressed to TESL (Teaching English as a Second Language) professionals at educational institutions in Canada: ESL instructors, program planners, curriculum/syllabus and language assessment designers and developers, and program administrators.--Page xiii |
| 590 | |a10-08-Supp|b2010-10-06 |
| 690 | 07|aEnglish second language|2gcpds |
| 690 | 07|aContinuing education|2gcpds |
| 720 | 1 |aPawlkowska-Smith, Grazyna |
| 776 | 0#|tCanadian language benchmarks 2000 : |w(CaOODSP)9.647880 |
| 856 | 40|ahttp://publications.gc.ca|qPDF|s779 KB|uhttps://publications.gc.ca/collections/collection_2010/cic/Ci63-14-2000-eng.pdf |